000 00419nam a22001697a 4500
003 MPLRDC
005 20220104145230.0
008 210129b ||||| |||| 00| 0 eng d
082 _a414.8 KXM
100 _a中医研究院广安门医院编
245 _a朱仁康临床经验集
_c
250 _a初版
260 _a
_b人民卫生出版社
_c1979
300 _b
650 _a医话
942 _cBK
_o414.8 KXM
999 _c51203
_d51193